Normal view
MARC view
- Giménez, Felipe,
Entry Nombre Personal
001 - NUMERO DE CONTROL
- campo de control: 39605
003 - IDENTIFICADOR DE NUMERO DE CONTROL
- campo de control: UPN
005 - FECHA Y HORA DE LA ÜLTIMA TRANSACCIÓN
- campo de control: 20210219194547.0
008 - DATOS DE LONGITUD FIJA
- campo de control de longitud fija: nabaccnnaabn|||||||||| b |nc|||||d
035 ## - NUMERO DE CONTROL
- Número de control: UPN11000011712
040 ## - FUENTE DE CATALOGACIÓN
- Lenguaje de catalogación: SPA
- Agencia de transcripción: UPN
100 1# - ENCABEZAMIENTO - NOMBRE PERSONAL
- Nombre personal: Giménez, Felipe,
- Fechas asociadas con el nombre: 1963-
670 ## - FUENTE EN LA QUE SE LOCALIZARON DATOS
- Cita de la fuente: T
- Uniform Resource Identifier: https://es-la.facebook.com/Felipe-Gimenez-52764437266/
680 ## - NOTA PUBLICA DE ACCESO PÚBLICO
- Frase explicativa de la referencia: Artista plástico. Nace en la ciudad de Mar del Plata, Argentina. Reside y trabaja en Sierra de los Padres, Buenos Aires, Argentina.
902 ## - CATALOGADOR
- Catalogador: MITM/170117
